01227nam a2200277 a 4500001001000000003000900010005001700019007000300036008004100039020001500080040002500095082003900120100002800159245019300187250001200380260006100392300003600453500005800489500003500547504007200582504003300654600005200687651006600739651006600805651007800871000022062DO-SdBNP20240409073640.0ta100916t2000 dr ac 001 0dspa d a9993427004 aDO-SdBNPbspacBNPHU 4a972.93053bE79u, 1960-61, 20002221 aVega, Bernardo,d1938 -14aLos Estados Unidos y Trujillo : los días finales: 1960-61 :bcolección de documentos del Departamento de Estado, la CIA y los archivos del Palacio Nacional Dominicano /cBernardo Vega. a2a. ed. aSanto Domingo :bFundación Cultural Dominicana,c2000. a786 p. :bil., retrs. ;c27 cm. aIncluye datos biográficos del autor en las solapas. aIncluye índice onomástico. aIncluye referencias bibliograficas y notas al pie de las páginas. aBibliografía : p. 767-783.10aTrujillo Molina, Rafael Leónidas,d 1891-1961 4aEstados UnidosxRelaciones ExterioreszRepública Dominicana 4aRepública DominicanaxRelaciones ExterioreszEstados Unidos 4aRepública DominicanaxPolítica y gobiernoyEra de Trujillo, 1930-1961